000 00347nam a2200145Ia 4500
008 150201s2013 xx 000 0 und d
082 _a616.07
_bB13B
100 _aBHARDWAJ , JR.
245 _aBOYD,S TB. OF PATHOLOGY -2
250 _a10TH
260 _bWOLTERS KLUWER
_aINDIA
_c2013
300 _a1-1815
650 _aPATHOLOGY
942 _2ddc
_cBK
999 _c1606
_d1606